000 00268nam a2200097Ia 4500
001 649736
005 20250826153747.0
008 250824s9999 xx 000 0 und d
245 0 _aLEVENT İZ PEŞİNDE 4 MEZARLIKTAKİ HAYALET
_cMUSTAFA ORAKÇI
260 _bTİMAŞ ÇOCUK
999 _c649736
_d649736